| 000 | 00470 a2200145 4500 | ||
|---|---|---|---|
| 999 |
_c3333 _d3333 |
||
| 020 | _a9780861889488 | ||
| 050 | _aPN 412 LEE 1990 | ||
| 100 |
_aLeeds, Dorothy _eauthor |
||
| 245 |
_aPowerspeak : _bthe complete guide to public speaking and presentation / _cDorothy Leeds |
||
| 264 |
_aLondon : _bJudy Piatkus, _c1990 |
||
| 300 | _axvi. 208p . : | ||
| 500 | _aincludes bibliographical references and indexes. | ||
| 650 | _aPublic speaking. | ||
| 942 |
_2lcc _cBK _h412 _iLEE _kPN |
||